Countries with the Worst Drivers - Statistics

General Stats
  • This quiz has been taken 2,127 times
  • The average score is 6 of 20
Answer Stats
Hint Answer % Correct
33.7 Nigeria
64%
31.9 South Africa
64%
31.5 Iraq
50%
25.1 Sudan
49%
38.1 Thailand
46%
29.7 Chad
45%
40.5 Libya
42%
25.0 Malaysia
31%
28.9 Uganda
31%
37.2 Venezuela
29%
28.0 Mauritania
25%
30.4 Oman
25%
48.4 Eritrea
23%
28.4 Lesotho
23%
27.0 Ecuador
20%
27.7 Burkina Faso
18%
31.2 Guinea-Bissau
15%
27.8 Guyana
14%
50.6 Albania
11%
41.7 Dominican Republic
10%
No matching quizzes found
Score Distribution
Percent of People with Each Score
Percentile by Number Answered
Your Score History
You have not taken this quiz